[Event "IMSA Basque"]
[Site "?"]
[Date "2016.03.02"]
[Round "?"]
[White "Ivanchuk, Vassily"]
[Black "Wang, Yue"]
[WhiteElo "2710"]
[BlackElo "2718"]
[Result "1/2-1/2"]

1. c4 c5 2. Nf3 Nc6 3. d4 cxd4 4. Nxd4 Nf6 5. Nc3 e6 6. a3 Nxd4 7. Qxd4 b6 8. Qf4 Bb7 9. e4 Bc5 10. Be3 Bxe3 11. Qxe3 O-O 12. O-O-O e5 13. Be2 Qe7 14. g4 Bc6 15. h4 Qc5 16. Rh3 Qxe3+ 17. Rxe3 Rfd8 18. g5 Ne8 19. Bg4 Kf8 20. b3 Nc7 21. Kb2 Ne6 22. Bxe6 fxe6 23. Na2 a5 24. Nc1 Ke7 25. Nd3 d6 26. f3 Rf8 27. Kc3 Be8 28. Kd2 Rc8 29. Rc1 Bh5 30. Ke2 Rc7 31. Kf2 Rfc8 32. a4 Rf8 33. Kg3 h6 34. Rce1 Be8 35. gxh6 gxh6 36. Kf2 Rg8 37. Rg1 Rxg1 38. Kxg1 Kf6 39. Kf2 Rg7 40. Re1 Bc6 41. Rc1 Bb7 42. Re1 Bc6 43. Rc1 Rg8 44. Re1 Bb7 45. Re2 Kg6 46. Re1 Kh5 47. Rh1 Rg7 48. Rh2 Rg8 49. Rh1 Rg6 50. Rh2 Rg8 51. Rh1 Rg7 52. Rh2 Rg8 53. Rh1 Rg7 

1/2-1/2

[Event "IMSA Basque"]
[Site "?"]
[Date "2016.03.02"]
[Round "?"]
[White "Wang, Yue"]
[Black "Harikrishna, Pentala"]
[WhiteElo "2718"]
[BlackElo "2753"]
[Result "1/2-1/2"]

1. d4 Nf6 2. c4 e6 3. Nf3 b6 4. Nc3 Bb4 5. e3 O-O 6. Bd3 d5 7. O-O Ba6 8. cxd5 exd5 9. a3 Bxc3 10. bxc3 Re8 11. Bxa6 Nxa6 12. Qd3 Qc8 13. c4 dxc4 14. Qxc4 c5 15. Bb2 cxd4 16. Qxd4 Nc5 17. Rad1 h6 18. Qf4 Nfe4 19. Nd4 Na4 20. Ba1 Nec3 21. Rc1 Qc4 22. Kh1 Rac8 23. Qf3 Rc5 24. Nf5 Qe4 25. Qxe4 Rxe4 26. f3 Re8 27. e4 Rd8 28. Rc2 f6 29. Bxc3 Rxc3 30. Rxc3 Nxc3 31. Kg1 b5 32. h4 a5 33. Rf2 h5 34. Rc2 b4 35. axb4 axb4 36. Rb2 Rd1+ 37. Kf2 Rb1 38. Rxb1 Nxb1 39. Ke3 Kf7 40. Kd3 Na3 41. Ne3 g5 42. g3 b3 43. Kc3 Nb5+ 44. Kxb3 Nd4+ 45. Kc4 Nxf3 46. Nf5 gxh4 47. gxh4 Ke6 48. Ng7+ Ke5 49. Nxh5 Nxh4 50. Nxf6 Kxf6 51. e5+ Kxe5 

1/2-1/2

[Event "IMSA Basque"]
[Site "?"]
[Date "2016.03.02"]
[Round "?"]
[White "Harikrishna, Pentala"]
[Black "Wang, Yue"]
[WhiteElo "2753"]
[BlackElo "2718"]
[Result "1-0"]

1. e4 e5 2. Nf3 Nf6 3. Nc3 Bb4 4. Nxe5 O-O 5. Nd3 Bxc3 6. dxc3 Nxe4 7. Be2 d6 8. O-O Nd7 9. Re1 Re8 10. Be3 b6 11. Bf1 Bb7 12. Nf4 Nef6 13. a4 a5 14. Bb5 Re7 15. f3 Qf8 16. Bf2 Rxe1+ 17. Qxe1 Re8 18. Qf1 Re7 19. Bh4 Re5 20. Ne2 Nc5 21. Bxf6 gxf6 22. Nd4 Qh6 23. Qf2 Ne6 24. Ne2 Qd2 25. Nd4 Qxf2+ 26. Kxf2 Nxd4 27. cxd4 Re7 28. Bd3 Kg7 29. c3 Bc8 30. b4 Bd7 31. bxa5 bxa5 32. Rb1 Bxa4 33. Ra1 Bd7 34. Rxa5 h6 35. Ra7 Be6 36. c4 f5 37. d5 Bc8 38. c5 Kf6 39. c6 f4 40. Ra4 Kg5 41. h4+ Kxh4 42. Ra8 Re3 43. g3+ Kh5 44. g4+ Kh4 45. Be2 

1-0

[Event "IMSA Basque"]
[Site "?"]
[Date "2016.03.03"]
[Round "?"]
[White "Wang, Hao"]
[Black "Wang, Yue"]
[WhiteElo "2717"]
[BlackElo "2718"]
[Result "0-1"]

1. d4 Nf6 2. c4 e6 3. Nc3 Bb4 4. Nf3 b6 5. e3 O-O 6. Bd3 Bb7 7. O-O Bxc3 8. bxc3 d6 9. Nd2 e5 10. f3 Nc6 11. Qc2 Re8 12. Ne4 Nxe4 13. Bxe4 h6 14. Bh7+ Kh8 15. Bd3 Na5 16. e4 Ba6 17. Qe2 Qd7 18. f4 exd4 19. f5 dxc3 20. f6 Re5 21. fxg7+ Kxg7 22. Bf4 Nc6 23. Rf3 Rh8 24. Raf1 Re7 25. Qe3 Qe6 26. Be2 Ne5 27. Qxc3 Kf8 28. Rg3 Rg8 29. Rh3 Rg6 30. Qa3 Bxc4 31. Bxc4 Nxc4 32. Qc3 Ne5 33. a3 Kg8 34. Bc1 Qc4 35. Qe1 Ree6 36. Qh4 Qc2 37. Rg3 Rxg3 38. Qxg3+ Rg6 39. Qh3 Kg7 40. Bf4 Qxe4 

0-1

[Event "IMSA Basque"]
[Site "?"]
[Date "2016.03.03"]
[Round "?"]
[White "Wang, Yue"]
[Black "Wang, Hao"]
[WhiteElo "2718"]
[BlackElo "2717"]
[Result "1-0"]

1. d4 d5 2. c4 c5 3. cxd5 Qxd5 4. Nf3 cxd4 5. Nc3 Qa5 6. Nxd4 Nf6 7. g3 e5 8. Nb3 Qc7 9. Bg2 Bb4 10. Qd3 O-O 11. Bg5 Rd8 12. Qe3 Bxc3+ 13. Qxc3 Qxc3+ 14. bxc3 Nc6 15. Bxf6 gxf6 16. Rd1 Be6 17. Nc5 Bxa2 18. Nxb7 Rxd1+ 19. Kxd1 Rc8 20. Kd2 Bc4 21. Ra1 a6 22. Ke1 Rc7 23. Nd6 Ne7 24. Ne8 Rc8 25. Nxf6+ Kg7 26. Ng4 Bb5 27. Ra3 e4 28. Ne3 f5 29. f3 exf3 30. Bxf3 Kf6 31. Kf2 Ke5 32. Bb7 Rc7 33. Bxa6 Bxa6 34. Rxa6 Rxc3 35. Ra7 Ng6 36. Ra5+ Ke6 37. Nxf5 Ne5 38. Nd4+ Kf6 39. h3 Nd7 40. Ra6+ Kf7 41. Ra7 Kg6 

1-0

[Event "IMSA Basque"]
[Site "?"]
[Date "2016.03.03"]
[Round "?"]
[White "Fressinet, Laurent"]
[Black "Wang, Yue"]
[WhiteElo "2700"]
[BlackElo "2718"]
[Result "1/2-1/2"]

1. Nf3 d5 2. g3 Bg4 3. Bg2 c6 4. O-O Nd7 5. d3 Ngf6 6. h3 Bxf3 7. Bxf3 e5 8. e4 dxe4 9. dxe4 Bc5 10. Nd2 O-O 11. Qe2 Qc7 12. a4 a5 13. Nc4 Rfd8 14. Bg2 Nb6 15. Ne3 g6 16. Kh2 h5 17. Nd1 Nbd7 18. Bg5 Re8 19. Ne3 Nh7 20. Bh6 Bf8 21. Bxf8 Nhxf8 22. Rad1 Rad8 23. Nc4 Nb6 24. b3 Nxc4 25. Qxc4 Ne6 26. h4 Rxd1 27. Rxd1 Rd8 28. Rxd8+ Qxd8 29. Bh3 Nd4 30. Bf1 Qf6 31. Kg1 Qf3 32. c3 Ne6 33. Be2 Qf6 34. b4 Qd8 35. Kg2 axb4 36. Qxb4 Qc7 37. Bc4 Nf8 38. a5 Kg7 39. Qc5 Nh7 40. f3 Nf6 41. Kf2 Ne8 42. Ke2 Qd6 43. Qb4 Qxb4 44. cxb4 Nd6 45. Bd3 f6 46. Ke3 Kf7 47. f4 Ke7 48. Be2 Kf7 49. Bd3 Ke7 50. Be2 Kf7 

1/2-1/2

[Event "IMSA Basque"]
[Site "?"]
[Date "2016.03.03"]
[Round "?"]
[White "Wang, Yue"]
[Black "Fressinet, Laurent"]
[WhiteElo "2718"]
[BlackElo "2700"]
[Result "1-0"]

1. d4 Nf6 2. c4 e6 3. Nf3 d5 4. g3 Bb4+ 5. Bd2 Be7 6. Bg2 O-O 7. O-O Nbd7 8. Qc2 Ne4 9. Nc3 Nxd2 10. Nxd2 c6 11. Rfd1 f5 12. a3 Nf6 13. b4 Ne4 14. Qb3 Kh8 15. Nf3 Bf6 16. Ne5 Bd7 17. f4 Bxe5 18. fxe5 Qg5 19. Nxe4 fxe4 20. Qc3 Be8 21. Rf1 Bh5 22. Rxf8+ Rxf8 23. Rf1 Re8 24. Rf2 h6 25. Kf1 Bg4 26. h3 Bf5 27. c5 Ra8 28. Rf4 Qd8 29. Kg1 a5 30. bxa5 Rxa5 31. e3 Qa8 32. Rf1 Rxa3 33. Qe1 Bg6 34. g4 Kg8 35. h4 Qa5 36. Qf2 Kh7 37. h5 Be8 38. Qf8 Qd8 39. g5 Qxg5 40. Qxe8 Qxe3+ 41. Kh1 Qg5 42. Qxe6 Qh4+ 43. Kg1 e3 44. Qg6+ Kg8 45. e6 e2 46. Rf8+ 

1-0

[Event "Asian Nations Cup"]
[Site "?"]
[Date "2016.03.29"]
[Round "?"]
[White "Wang, Yue"]
[Black "Mohammad Minhaz Uddin"]
[WhiteElo "2718"]
[BlackElo "2436"]
[Result "1-0"]

1. d4 Nf6 2. c4 e6 3. Nc3 Bb4 4. e3 O-O 5. Nge2 d6 6. a3 Bxc3+ 7. Nxc3 e5 8. Be2 Nc6 9. d5 Ne7 10. b4 a5 11. Bb2 c6 12. dxc6 Nxc6 13. b5 Ne7 14. c5 dxc5 15. Qxd8 Rxd8 16. Na4 Ng6 17. Rc1 Be6 18. Nxc5 b6 19. Nxe6 fxe6 20. Bf3 Rac8 21. Rxc8 Rxc8 22. Kd2 Nd7 23. Be4 Nc5 24. Bc2 e4 25. Ke2 Nf8 26. Rc1 Rd8 27. Bd4 Nfd7 28. Rd1 Rb8 29. Bxc5 Nxc5 30. Rd4 e5 31. Rc4 Kf7 32. Bxe4 h6 33. Bd5+ Kf6 34. h4 Rd8 35. e4 Rd7 36. Rc3 g6 37. Ke3 Rc7 38. Rc1 Ne6 39. Rc6 Rxc6 40. bxc6 b5 41. g3 Ke7 42. f4 exf4+ 43. gxf4 Nc7 44. Kd4 

1-0

[Event "Russia-China Match Men"]
[Site "?"]
[Date "2016.06.11"]
[Round "?"]
[White "Wang, Yue"]
[Black "Nepomniachtchi, Ian"]
[WhiteElo "2728"]
[BlackElo "2719"]
[Result "1/2-1/2"]

1. Nf3 Nf6 2. c4 c5 3. Nc3 d5 4. cxd5 Nxd5 5. e3 Nxc3 6. dxc3 Qxd1+ 7. Kxd1 b6 8. e4 Bb7 9. Bb5+ Bc6 10. a4 a6 11. Bxc6+ Nxc6 12. Kc2 e6 13. Rd1 Be7 14. Bf4 Ra7 15. Nd2 Na5 16. e5 f5 17. exf6 gxf6 18. Ne4 e5 19. Be3 Rd7 20. g3 f5 21. Nd2 Rf8 22. Nf3 Bf6 23. Bg5 Bxg5 24. Nxg5 Nc6 25. Nf3 e4 26. Rxd7 Kxd7 27. Rd1+ Ke7 28. Nh4 Ne5 29. Ng2 Nd3 30. Ne3 Ke6 31. f3 Ne5 32. fxe4 fxe4 33. Rf1 Nf3 34. h3 Rg8 35. g4 Rg6 36. Rd1 Rh6 37. Rd8 Rxh3 38. Re8+ Kd7 39. Rxe4 Rh2+ 40. Kc1 Rh1+ 41. Kc2 Rh2+ 42. Kc1 b5 43. axb5 axb5 44. Nf5 Kc6 45. Re3 Ng5 46. Re5 Nf3 47. Re3 Ng5 

1/2-1/2

[Event "Russia-China Match Men"]
[Site "?"]
[Date "2016.06.13"]
[Round "?"]
[White "Wang, Yue"]
[Black "Matlakov, Maxim"]
[WhiteElo "2728"]
[BlackElo "2691"]
[Result "1/2-1/2"]

1. d4 Nf6 2. Nf3 d5 3. c4 e6 4. Bg5 Bb4+ 5. Nc3 dxc4 6. e4 c5 7. Bxc4 cxd4 8. Nxd4 Bxc3+ 9. bxc3 Qa5 10. Bb5+ Nbd7 11. f3 O-O 12. a4 a6 13. Nb3 Qxc3+ 14. Bd2 Qe5 15. Be2 b6 16. Be3 Bb7 17. Qd4 Qxd4 18. Nxd4 Rfc8 19. Kf2 Rc7 20. g4 Rac8 21. g5 Nh5 22. Rhd1 Kf8 23. Rab1 g6 24. Bf1 Ke7 25. Ne2 Bc6 26. Nc3 Bb7 27. Ne2 Bc6 28. Nc3 Bb7 

1/2-1/2

[Event "Russia-China Match Men"]
[Site "?"]
[Date "2016.06.14"]
[Round "?"]
[White "Jakovenko, Dmitry"]
[Black "Wang, Yue"]
[WhiteElo "2710"]
[BlackElo "2728"]
[Result "1/2-1/2"]

1. d4 d5 2. c4 c6 3. Nf3 Nf6 4. e3 Bf5 5. Nc3 e6 6. Nh4 Bg6 7. Be2 Nbd7 8. g3 Bd6 9. O-O O-O 10. Nxg6 hxg6 11. c5 Bc7 12. b4 a6 13. f4 b5 14. a4 Ne4 15. Nxe4 dxe4 16. Bd2 f5 17. Qb3 Re8 18. Ra2 Nf6 19. Rfa1 Rb8 20. axb5 axb5 21. h4 Nd5 22. Kf2 Rb7 23. Ra6 Qd7 24. Ke1 Kf7 25. Kd1 Rc8 26. Kc2 Bd8 27. Qb1 Rcc7 28. Qh1 Kg8 29. g4 Ra7 30. g5 Rxa6 31. Rxa6 Ra7 32. Rxa7 Qxa7 33. Kb2 Qf7 34. Qa1 Qb7 35. h5 gxh5 36. Bxh5 Ne7 37. g6 Nd5 38. Bd1 Bf6 39. Bb3 Kf8 40. Bxd5 exd5 41. Qh1 

1/2-1/2

[Event "Russia-China Match Men"]
[Site "?"]
[Date "2016.06.15"]
[Round "?"]
[White "Wang, Yue"]
[Black "Andreikin, Dmitry"]
[WhiteElo "2728"]
[BlackElo "2743"]
[Result "1/2-1/2"]

1. d4 g6 2. Nf3 Bg7 3. e4 d6 4. c3 Nf6 5. Bd3 O-O 6. O-O Nc6 7. h3 e5 8. Re1 Re8 9. Nbd2 d5 10. dxe5 Nxe4 11. Nxe4 dxe4 12. Bxe4 Qxd1 13. Rxd1 Nxe5 14. Nxe5 Bxe5 15. Be3 c6 16. Bc2 Bc7 17. Bb3 a5 18. a4 h5 19. Rd2 Bf5 20. Rad1 Rad8 21. Rxd8 Rxd8 22. Rxd8+ Bxd8 23. Kf1 Kf8 24. Ke2 Ke8 25. Kd2 Bc7 26. Bg5 Bd7 27. f3 Be5 28. Be3 Bc7 29. Bg5 Be5 30. Be3 Bc7 31. Bg5 

1/2-1/2

[Event "7th Hainan Danzhou GM"]
[Site "?"]
[Date "2016.07.08"]
[Round "?"]
[White "Wang, Yue"]
[Black "Hou, Yifan"]
[WhiteElo "2730"]
[BlackElo "2653"]
[Result "1-0"]

1. d4 Nf6 2. c4 e6 3. Nf3 d5 4. Nc3 Bb4 5. Qa4+ Nc6 6. e3 O-O 7. Qc2 Bd6 8. c5 Be7 9. a3 a5 10. Bb5 Nb8 11. O-O b6 12. c6 Ba6 13. Bd2 Ne8 14. a4 Nd6 15. Ne5 Qe8 16. Rac1 Ra7 17. Rfe1 f6 18. Nd3 Bc8 19. Qb3 Nxc6 20. Bxc6 Qxc6 21. Nb5 Qa8 22. Nxa7 Qxa7 23. Qc2 Bd8 24. b4 Nc4 25. bxa5 bxa5 26. Nb2 Ba6 27. Nxc4 Bxc4 28. Rb1 c5 29. Qb2 Qd7 30. dxc5 Qxa4 31. Ra1 Qc6 32. Bxa5 Be7 33. Qb6 Rc8 34. Bb4 Qxb6 35. cxb6 Bxb4 36. b7 Rf8 37. Ra8 Bd6 38. Rea1 Kf7 39. Rc8 Re8 40. Rxe8 Kxe8 41. Ra8+ Ke7 42. Rg8 g5 43. Rg7+ Kd8 44. Rg8+ Ke7 45. f3 h5 46. g3 e5 47. b8=Q Bxb8 48. Rxb8 d4 49. exd4 exd4 50. Kf2 Bf7 51. Rb4 d3 52. Re4+ Kf8 53. Rd4 Bg6 54. Rd7 Bf5 55. Ra7 g4 56. f4 Kg8 57. Ke3 Bh7 58. Ra5 

1-0

[Event "7th Hainan Danzhou GM"]
[Site "?"]
[Date "2016.07.09"]
[Round "?"]
[White "Wang, Yue"]
[Black "Leko, Peter"]
[WhiteElo "2730"]
[BlackElo "2712"]
[Result "1/2-1/2"]

1. c4 c5 2. Nf3 Nf6 3. Nc3 Nc6 4. g3 d5 5. d4 e6 6. cxd5 Nxd5 7. Bg2 cxd4 8. Nxd4 Nxc3 9. bxc3 Nxd4 10. Qxd4 Qxd4 11. cxd4 Bd6 12. a4 Rb8 13. a5 Bd7 14. Be3 a6 15. Rb1 Bb5 16. d5 Bc7 17. Ra1 exd5 18. Bxd5 O-O 19. O-O Bxe2 20. Rfc1 Be5 21. Rab1 Bb5 22. Bb6 g6 23. Rb3 Rfe8 24. Rf3 Re7 25. Re1 Rbe8 26. Rfe3 Bd6 27. Bxb7 Bb4 28. Rb1 Rxb7 29. Rxe8+ Bxe8 30. Rxb4 Bb5 31. Rd4 Rd7 32. Rxd7 Bxd7 33. f4 f5 34. Kf2 Kf7 

1/2-1/2

[Event "7th Hainan Danzhou GM"]
[Site "?"]
[Date "2016.07.10"]
[Round "?"]
[White "Nepomniachtchi, Ian"]
[Black "Wang, Yue"]
[WhiteElo "2725"]
[BlackElo "2730"]
[Result "1-0"]

1. e4 e5 2. Nf3 Nc6 3. d4 exd4 4. Nxd4 Bc5 5. Nxc6 Qf6 6. Qf3 dxc6 7. Nc3 Be6 8. a3 O-O-O 9. Be3 Qe5 10. Bd3 Nf6 11. h3 Nd7 12. Bf4 Qf6 13. Qg3 Bd4 14. O-O Be5 15. Bxe5 Nxe5 16. Rad1 g5 17. Qe3 Kb8 18. f4 gxf4 19. Qxf4 Qg7 20. Qf6 Rhg8 21. Qxg7 Rxg7 22. Kh2 c5 23. Nd5 c6 24. Nf4 Kc7 25. Be2 Rd4 26. Nh5 Rg8 27. Nf6 Rh8 28. c3 Rd6 29. Kg3 h6 30. Kf4 Ng6+ 31. Ke3 a5 32. Nh5 Ne5 33. Nf4 Bb3 34. Rxd6 Kxd6 35. Nd3 Nxd3 36. Bxd3 Be6 37. Rf4 Ke5 38. Rh4 Kf6 39. Be2 b6 40. Rf4+ Ke5 41. Bf3 c4 42. Rh4 Kf6 43. e5+ Kxe5 44. Bxc6 f5 45. Bb5 Rg8 46. Bc6 Rg6 47. Bf3 b5 48. Rd4 Rg8 49. Rh4 Rg6 50. Rh5 Bd7 51. g4 a4 52. gxf5 Rf6 53. Be4 Be8 54. Rh4 Bd7 55. Bc2 Bc6 56. Rd4 Rf8 57. Be4 Rc8 58. Bxc6 Rxc6 59. Rd8 Rb6 60. Rc8 Kxf5 61. Rc5+ Ke6 62. h4 Kd7 63. Kf4 Rf6+ 64. Kg4 Rg6+ 65. Kh5 Rb6 66. Rf5 Ke7 67. Kg4 Rg6+ 68. Kf4 Rb6 69. Re5+ Kd7 70. Kf5 Rb8 71. Kg6 Kc6 72. Re2 Rg8+ 73. Kxh6 Kd6 74. h5 Rg3 75. Kh7 Rg5 76. h6 Kd7 77. Kh8 Rg6 78. Kh7 Rg5 79. Re3 Rg2 80. Re5 b4 81. axb4 Rxb2 82. Kg6 Rg2+ 83. Rg5 Rh2 84. h7 a3 85. Ra5 

1-0

[Event "7th Hainan Danzhou GM"]
[Site "?"]
[Date "2016.07.12"]
[Round "?"]
[White "Harikrishna, P"]
[Black "Wang, Yue"]
[WhiteElo "2755"]
[BlackElo "2730"]
[Result "1/2-1/2"]

1. d4 Nf6 2. c4 e6 3. Nf3 d5 4. Nc3 c5 5. cxd5 Nxd5 6. e4 Nxc3 7. bxc3 cxd4 8. cxd4 Bb4+ 9. Bd2 Bxd2+ 10. Qxd2 O-O 11. Rc1 Nc6 12. Be2 Qa5 13. Rc5 Qxd2+ 14. Kxd2 Rd8 15. Ke3 Bd7 16. Rb1 Rab8 17. Bb5 f6 18. g4 Rbc8 19. Rbc1 Kf8 20. g5 Ne7 21. Bxd7 Rxc5 22. Rxc5 Rxd7 23. h4 h6 24. Ng1 hxg5 25. hxg5 Rd6 26. Ne2 Ra6 27. Nc3 Ra3 28. gxf6 gxf6 29. Kd2 f5 30. d5 Ra6 31. dxe6 Rd6+ 32. Ke2 Rxe6 33. Rc7 Rc6 34. Rxc6 Nxc6 35. exf5 Nd4+ 36. Kd3 Nxf5 37. Nb5 a6 38. Ke4 Ne7 39. Nd6 b5 40. Kd4 Nc6+ 41. Kc5 Ne5 42. Ne4 Nd3+ 43. Kb6 b4 44. Ka5 Nc1 45. Kxb4 Nxa2+ 46. Ka5 

1/2-1/2

[Event "7th Hainan Danzhou GM"]
[Site "?"]
[Date "2016.07.13"]
[Round "?"]
[White "Wang, Yue"]
[Black "Bu, Xiangzhi"]
[WhiteElo "2730"]
[BlackElo "2723"]
[Result "1/2-1/2"]

1. d4 Nf6 2. c4 e6 3. Nc3 Bb4 4. Nf3 d5 5. Qa4+ Nc6 6. e3 O-O 7. Qc2 dxc4 8. Bxc4 Bd6 9. O-O e5 10. h3 Bd7 11. Rd1 Qc8 12. dxe5 Nxe5 13. Nxe5 Bxe5 14. e4 Re8 15. f3 c6 16. Be3 Be6 17. Bb3 Bc7 18. Rd3 Bb6 19. Bxb6 axb6 20. Bxe6 Qxe6 21. Rad1 b5 22. a3 Qe7 23. Qd2 b4 24. axb4 Qxb4 25. Kh2 Qe7 26. Re1 Rad8 27. Rd1 Rxd3 28. Qxd3 Qc7+ 29. Qd6 Qxd6+ 30. Rxd6 Kf8 31. Kg3 Ke7 32. Rd1 Ra8 33. e5 Nd7 34. f4 f6 35. exf6+ Nxf6 36. Kf3 Ra5 37. Re1+ Kd7 38. Rd1+ Ke7 39. Re1+ Kd7 40. Rd1+ 

1/2-1/2

[Event "7th Hainan Danzhou GM"]
[Site "?"]
[Date "2016.07.15"]
[Round "?"]
[White "Ivanchuk, Vassily"]
[Black "Wang, Yue"]
[WhiteElo "2728"]
[BlackElo "2730"]
[Result "1/2-1/2"]

1. e4 e5 2. Nf3 Nf6 3. Nxe5 d6 4. Nf3 Nxe4 5. d4 d5 6. Bd3 Nc6 7. O-O Be7 8. Re1 Bg4 9. c4 Nf6 10. Nc3 Bxf3 11. Qxf3 Nxd4 12. Qd1 dxc4 13. Bxc4 c5 14. Qa4+ Qd7 15. Qxd7+ Kxd7 16. Be3 Rhd8 17. Bxd4 cxd4 18. Bb5+ Kd6 19. Rad1 Kc5 20. Re5+ Kd6 21. Ree1 Kc5 22. Re5+ 

1/2-1/2

[Event "7th Hainan Danzhou GM"]
[Site "?"]
[Date "2016.07.17"]
[Round "?"]
[White "Yu, Yangyi"]
[Black "Wang, Yue"]
[WhiteElo "2734"]
[BlackElo "2730"]
[Result "1/2-1/2"]

1. e4 e5 2. Nf3 Nf6 3. Nxe5 d6 4. Nf3 Nxe4 5. Nc3 Nxc3 6. dxc3 Be7 7. Be3 Nc6 8. Bd3 Bf6 9. Qe2 O-O 10. O-O-O Re8 11. Kb1 Rb8 12. h4 h6 13. Rdg1 Bg4 14. Qd2 b5 15. Nd4 Ne5 16. Bf4 b4 17. c4 c5 18. Bxe5 Bxe5 19. Nc6 Qf6 20. Nxe5 dxe5 21. Qe3 e4 22. Bxe4 a5 23. f3 a4 24. Rd1 a3 25. Qb3 Be6 26. Bd5 Bd7 27. g4 Re3 28. g5 Qe5 29. f4 Qxf4 30. Rd3 Rxd3 31. cxd3 Bf5 32. gxh6 Qxh6 33. Rf1 Bg6 34. bxa3 Qxh4 35. a4 Re8 36. a5 Qd4 37. Rd1 Re3 38. Kc2 Bh5 39. Rc1 Re2+ 40. Kb1 Bg6 41. Rd1 Re3 42. Kc2 Bh5 43. Rc1 Re2+ 44. Kb1 Rd2 45. Be4 Be2 46. a6 Bxd3+ 47. Bxd3 Qxd3+ 48. Qxd3 Rxd3 49. Re1 Ra3 50. Re5 Rxa6 51. Rxc5 Kh7 52. Rb5 Kg6 53. c5 Ra7 54. Rxb4 Kf6 55. Kb2 Ke6 56. Kb3 Kd5 57. Rg4 f6 58. Rc4 Rb7+ 59. Kc3 Rb1 60. Rd4+ Kxc5 61. Rd7 g5 62. a4 Rc1+ 63. Kd2 Rc4 64. a5 Ra4 65. Rf7 Rd4+ 66. Ke3 Rd6 67. Ke4 Kb5 68. Kf5 Kxa5 69. Rb7 Rb6 70. Rc7 Kb5 71. Rc1 Rc6 72. Rb1+ Kc5 73. Rd1 Ra6 74. Rd2 Rb6 75. Rd1 Rd6 76. Re1 Kc4 77. Rc1+ Kb3 78. Rc7 Kb2 79. Rc8 Ka3 80. Rb8 Ka4 81. Rb7 Ka5 82. Rb1 Rb6 83. Rc1 Kb5 84. Rc2 Rc6 85. Rd2 Kc5 86. Rd1 Rb6 87. Rd2 Rd6 88. Rc2+ Kb5 89. Rc1 Kb4 90. Rc2 Kb5 91. Rc1 Rc6 92. Rb1+ Kc5 93. Rd1 Rd6 94. Rc1+ Kb6 95. Rc2 Kb7 96. Rc1 Rc6 97. Rb1+ Kc8 98. Rd1 Kc7 99. Re1 Kd8 100. Re2 Kd7 101. Re1 Rd6 102. Re2 Kc6 103. Re1 Kb5 104. Rc1 Rb6 105. Rc2 Rc6 106. Rd2 Kb4 107. Rd1 Kb3 108. Rd7 Kc3 109. Rd1 Rb6 110. Rd7 Kc2 111. Rd8 Ra6 112. Rd4 

1/2-1/2

[Event "Chinese Championship Rapid"]
[Site "?"]
[Date "2016.08.24"]
[Round "?"]
[White "Wang, Yue"]
[Black "Yu, Kaifeng"]
[WhiteElo "2737"]
[BlackElo "2243"]
[Result "1-0"]

1. Nf3 Nf6 2. c4 e6 3. g3 d5 4. Bg2 Be7 5. d4 O-O 6. O-O c6 7. Qc2 b6 8. Nbd2 Bb7 9. e4 Na6 10. e5 Nd7 11. cxd5 cxd5 12. a3 Rc8 13. Qb1 b5 14. b4 Nb6 15. Nb3 Na4 16. Bd2 Qd7 17. Nc5 N4xc5 18. bxc5 Nb8 19. h4 a6 20. Ng5 g6 21. Qd3 Nc6 22. h5 Rfe8 23. Bh3 Bf8 24. Nf3 Bg7 25. Qe3 Rb8 26. Qf4 h6 27. Rfb1 g5 28. Qg4 a5 29. Bf1 b4 30. axb4 axb4 31. Nxg5 hxg5 32. Bxg5 f5 33. exf6 Bf8 34. Bf4+ Kh8 35. Qg6 Qh7 36. Bd3 Qxg6 37. hxg6 Ra8 38. Kg2 Rxa1 39. Rxa1 Bg7 40. Rh1+ Kg8 41. f7+ 

1-0

[Event "Chinese Championship Rapid"]
[Site "?"]
[Date "2016.08.24"]
[Round "?"]
[White "Xu, Yinglun"]
[Black "Wang, Yue"]
[WhiteElo "2516"]
[BlackElo "2737"]
[Result "1/2-1/2"]

1. d4 Nf6 2. Nf3 d5 3. Bf4 Bf5 4. e3 e6 5. Bd3 Bxd3 6. Qxd3 c6 7. O-O Nbd7 8. h3 Qb6 9. Nbd2 Be7 10. c4 Qa6 11. Qc2 O-O 12. c5 b6 13. b4 Rfc8 14. a4 Bd8 15. Rfb1 Bc7 16. Bxc7 Rxc7 17. e4 Nxe4 18. Nxe4 dxe4 19. Qxe4 Rd8 20. Qf4 Qc8 21. cxb6 Nxb6 22. a5 Nd5 23. Qc1 Qb7 24. Ne5 Qb5 25. a6 Qb6 26. Qc5 f6 27. Nc4 Qb8 28. Na5 Qb5 29. Nb7 Ra8 30. Qd6 Re8 31. Qc5 Ra8 32. Qd6 Re8 33. Qc5 Qd3 34. Qxa7 Nf4 35. Re1 Qg6 36. g3 Nxh3+ 37. Kg2 Nf4+ 38. Kg1 Nh3+ 39. Kg2 Nf4+ 40. Kg1 Nh3+ 

1/2-1/2

[Event "Chinese Championship Rapid"]
[Site "?"]
[Date "2016.08.24"]
[Round "?"]
[White "Wang, Yue"]
[Black "Xu, Xiangyu"]
[WhiteElo "2737"]
[BlackElo "2461"]
[Result "1-0"]

1. c4 g6 2. e4 e5 3. d4 Nf6 4. Nf3 exd4 5. e5 Ne4 6. Qxd4 Bb4+ 7. Kd1 f5 8. exf6 Nxf6 9. Bh6 Nc6 10. Qe3+ Kf7 11. c5 d5 12. cxd6 Qxd6+ 13. Nbd2 Rd8 14. Bc4+ Nd5 15. a3 Bxd2 16. Qxd2 Kg8 17. Re1 Bg4 18. Kc1 Bxf3 19. gxf3 Qc5 20. Qc3 Rd7 21. b4 Qd6 22. Rd1 

1-0

[Event "Chinese Championship Rapid"]
[Site "?"]
[Date "2016.08.24"]
[Round "?"]
[White "Yu, Yangyi"]
[Black "Wang, Yue"]
[WhiteElo "2725"]
[BlackElo "2737"]
[Result "1-0"]

1. e4 e5 2. Bc4 Nf6 3. d3 c6 4. Nf3 d5 5. Bb3 a5 6. a4 Bb4+ 7. c3 Bd6 8. exd5 cxd5 9. Bg5 Be6 10. Na3 Nbd7 11. Nb5 Bb8 12. O-O O-O 13. Re1 Re8 14. Bh4 Ra6 15. Nd2 h6 16. d4 e4 17. c4 dxc4 18. Bxc4 Bxc4 19. Nxc4 Nb6 20. Bxf6 Qxf6 21. Ne3 Bf4 22. Qb3 Qd8 23. Rac1 Ra8 24. Rc5 Bxe3 25. fxe3 Rc8 26. Rf1 Qd7 27. Rcf5 Nc4 28. Rxf7 Qe6 29. Nc7 

1-0

[Event "Chinese Championship Rapid"]
[Site "?"]
[Date "2016.08.24"]
[Round "?"]
[White "Wang, Yue"]
[Black "Liu, Yan"]
[WhiteElo "2737"]
[BlackElo "2413"]
[Result "1/2-1/2"]

1. d4 Nf6 2. c4 e6 3. Nf3 Bb4+ 4. Nbd2 O-O 5. a3 Bxd2+ 6. Qxd2 Qe7 7. b4 a5 8. b5 b6 9. e3 d6 10. Bb2 Nbd7 11. Be2 e5 12. O-O Re8 13. Rae1 Bb7 14. Qc2 exd4 15. Nxd4 Qe4 16. Qxe4 Nxe4 17. Rc1 Nec5 18. Rfd1 f6 19. Bf1 g6 20. Re1 Kf7 21. f3 f5 22. Kf2 h5 23. h4 Re7 24. Rcd1 Rae8 25. Nc2 Nf8 26. Nd4 Nfd7 27. Rb1 Ne5 28. Red1 Na4 29. Ba1 Nc5 30. Bc3 Na4 31. Be1 Nc5 32. Nc2 Bc8 33. Nd4 Bb7 34. Rbc1 Ned7 35. Nc2 Ne5 36. Kg1 Bc8 37. Bg3 Nb3 38. Rb1 Nc5 39. Rbc1 Nb3 40. Rb1 Nc5 41. Bf4 Be6 42. Rd4 Kg8 43. Kf2 Bf7 44. Bg3 Ne6 45. Rd2 Nc5 46. Rd4 Ne6 47. Rdd1 Nc5 48. Rd4 Ne6 49. Rd2 Nc5 50. Rd4 Ne6 51. Rd2 Nc5 

1/2-1/2

[Event "Chinese Championship Rapid"]
[Site "?"]
[Date "2016.08.25"]
[Round "?"]
[White "Wang, Yue"]
[Black "Dai, Changren"]
[WhiteElo "2737"]
[BlackElo "2449"]
[Result "1-0"]

1. d4 Nf6 2. c4 g6 3. Nc3 Bg7 4. e4 d6 5. h3 O-O 6. Nf3 e5 7. d5 Nh5 8. g3 Na6 9. Be3 f5 10. exf5 gxf5 11. Ng5 Nf6 12. Qd2 Qe8 13. Be2 Bd7 14. O-O-O Nc5 15. g4 h6 16. Nf3 Nce4 17. Nxe4 Nxe4 18. Qc2 c6 19. Nh4 cxd5 20. Nxf5 Rxf5 21. gxf5 Bxf5 22. Rhg1 Rc8 23. Bxh6 Ng3 24. Rxg3 Bxc2 25. Rdg1 Bf5 26. Rxg7+ Kh8 27. R7g5 Qa4 28. Bg7+ Kg8 29. Bxe5+ Kf7 30. Rxf5+ Ke6 31. Bc3 Kxf5 32. Bg4+ Kf4 33. Bxc8 Qxa2 34. Kd2 dxc4 35. Rg4+ 

1-0

[Event "Chinese Championship Rapid"]
[Site "?"]
[Date "2016.08.25"]
[Round "?"]
[White "Zhou, Jianchao"]
[Black "Wang, Yue"]
[WhiteElo "2616"]
[BlackElo "2737"]
[Result "1-0"]

1. Nf3 Nf6 2. g3 c5 3. Bg2 Nc6 4. d4 cxd4 5. Nxd4 e5 6. Nb5 d5 7. O-O a6 8. N5c3 d4 9. Ne4 Nxe4 10. Bxe4 Bh3 11. Re1 Bc5 12. c3 Qe7 13. cxd4 exd4 14. Bxc6+ bxc6 15. e3 d3 16. Qxd3 O-O 17. Nc3 Rfd8 18. Qe2 Qe6 19. b3 Qf5 20. f3 Rd3 21. Ne4 Rad8 22. Nf2 Bb4 23. g4 Qd7 24. Nxd3 Qxd3 25. Qxd3 Rxd3 26. Kf2 Bxe1+ 27. Kxe1 h5 28. gxh5 Rd5 29. h6 gxh6 30. e4 Rh5 31. Bf4 Be6 32. Rc1 Ra5 33. Rc2 Kh7 34. Bc7 Rb5 35. Rxc6 a5 36. Ra6 Rc5 37. Bxa5 Rc2 38. Bd2 Rb2 39. f4 Bg4 40. f5 h5 41. Rh6+ Kg7 42. Bc3+ Kxh6 43. Bxb2 Kg5 44. Bc1+ Kf6 45. Kf2 Bd1 46. h4 Ke5 47. Ke3 Bc2 48. Bb2+ Kd6 49. Bd4 Bb1 50. a3 Bc2 51. b4 Ba4 52. Kf4 Bc2 53. e5+ Kd5 54. e6 fxe6 55. f6 e5+ 56. Bxe5 Ke6 57. Bd4 Ba4 58. Kg5 Be8 59. Kh6 

1-0